[Event "BCF-chT 2223 (4NCL)"]
[Site "England"]
[Date "2023.04.29"]
[Round "9.6"]
[White "Wall, Gavin"]
[Black "Cooper, John Grantley"]
[Result "1-0"]
[WhiteElo "2300"]
[BlackElo "2235"]
[PlyCount "69"]
[EventDate "2022.10.22"]
[EventType "team-swiss"]
[EventRounds "11"]
[EventCountry "ENG"]
[SourceTitle "EXT 2024"]
[Source "ChessBase"]
[SourceDate "2023.10.10"]
[SourceVersion "1"]
[SourceVersionDate "2023.10.10"]
[SourceQuality "1"]
[WhiteTeam "Gonzaga"]
[BlackTeam "West is Best"]
[WhiteTeamCountry "ENG"]
[BlackTeamCountry "ENG"]

1. e4 c5 2. Nf3 g6 3. d4 cxd4 4. Qxd4 Nf6 5. Nc3 Nc6 6. Qa4 d6 7. e5 dxe5 8. Nxe5 Bd7 9. Nxc6 Qb6 10. Qb3 Qxc6 11. Bc4 e6 12. 0-0 a6 13. Bf4 Be7 14. Be2 Qc8 15. Bh6 Qc7 16. Na4 Bc6 17. Nb6 Rd8 18. Rad1 Qe5 19. Bf3 Rxd1 20. Rxd1 Bxf3 21. Qxf3 Qh5 22. Qxh5 gxh5 23. Bg7 Rg8 24. Bxf6 Bxf6 25. c3 Bd8 26. Nc8 Bc7 27. Nd6+ Ke7 28. Nxb7 Rb8 29. Nc5 Rxb2 30. g3 Bd6 31. Nxa6 Rxa2 32. Nb4 Rb2 33. Nc6+ Kd7 34. Ne5+ Ke7 35. Nc4 1-0

[Event "BCF-chT 2223 (4NCL)"]
[Site "England"]
[Date "2023.03.19"]
[Round "8.5"]
[White "Chan, Sheng Liang Bernard"]
[Black "Cooper, John Grantley"]
[Result "1-0"]
[WhiteElo "2019"]
[BlackElo "2235"]
[PlyCount "67"]
[EventDate "2022.10.22"]
[EventType "team-swiss"]
[EventRounds "11"]
[EventCountry "ENG"]
[SourceTitle "CBM 213 Extra"]
[Source "ChessBase"]
[SourceDate "2023.05.31"]
[SourceVersion "1"]
[SourceVersionDate "2023.05.31"]
[SourceQuality "1"]
[WhiteTeam "Chessable White Rose II"]
[BlackTeam "West is Best"]
[WhiteTeamCountry "ENG"]
[BlackTeamCountry "ENG"]

1. d4 Nf6 2. c4 g6 3. Nf3 Bg7 4. g3 0-0 5. Bg2 d6 6. 0-0 Nbd7 7. Nc3 e5 8. e4 exd4 9. Nxd4 Re8 10. h3 Nc5 11. Re1 h6 12. b3 a5 13. Bb2 a4 14. b4 a3 15. Bc1 Ne6 16. Ndb5 Bd7 17. Rb1 Ng5 18. Bxg5 hxg5 19. Qc1 g4 20. h4 Be6 21. e5 dxe5 22. Bxb7 Rb8 23. Bc6 Re7 24. c5 e4 25. Qxa3 Nd7 26. Rbd1 Qf8 27. Bxd7 Bxd7 28. Nxc7 e3 29. N3d5 exf2+ 30. Kxf2 Rxe1 31. Rxe1 Bd4+ 32. Kg2 Kh7 33. h5 Bc6 34. Qa6 1-0

[Event "BCF-chT 2122 (4NCL)"]
[Site "England"]
[Date "2022.06.26"]
[Round "11.62"]
[White "Gormally, Daniel"]
[Black "Cooper, John Grantley"]
[Result "0-1"]
[WhiteElo "2483"]
[BlackElo "2234"]
[PlyCount "46"]
[EventDate "2021.11.27"]
[EventType "team-swiss"]
[EventRounds "11"]
[EventCountry "ENG"]
[SourceTitle "EXT 2023"]
[Source "ChessBase"]
[SourceDate "2022.10.05"]
[SourceVersion "1"]
[SourceVersionDate "2022.10.05"]
[SourceQuality "1"]
[WhiteTeam "Blackthorne Russia"]
[BlackTeam "West is Best"]
[WhiteTeamCountry "ENG"]
[BlackTeamCountry "ENG"]

1. e4 c5 2. Nf3 e6 3. c3 d5 4. exd5 exd5 5. d4 Nc6 6. Be3 cxd4 7. Nxd4 Nf6 8. Be2 Bd6 9. 0-0 0-0 10. Nd2 Re8 11. Bg5 Nxd4 12. cxd4 Bf5 13. Rc1 Re6 14. Bf3 Qb6 15. Nb3 Ne4 16. Be3 Rae8 17. Nc5 R6e7 18. Qb3 Bxc5 19. Qxd5 Bxd4 20. Bxd4 Qg6 21. Be3 Ng5 22. Bxg5 Qxg5 23. Qd4 Qg6 0-1

[Event "BCF-chT2a 1920 (4NCL)"]
[Site "Daventry"]
[Date "2020.03.01"]
[Round "2.14"]
[White "Cooper, John Grantley"]
[Black "Eggleston, Thomas"]
[Result "0-1"]
[WhiteElo "2236"]
[BlackElo "2150"]
[PlyCount "58"]
[EventDate "2020.01.11"]
[EventType "team-tourn"]
[EventRounds "11"]
[EventCountry "ENG"]
[SourceTitle "CBM 195 Extra"]
[Source "ChessBase"]
[SourceDate "2020.05.31"]
[SourceVersion "1"]
[SourceVersionDate "2020.05.31"]
[SourceQuality "1"]
[WhiteTeam "West is Best"]
[BlackTeam "North East England"]
[WhiteTeamCountry "ENG"]
[BlackTeamCountry "ENG"]

1. c4 e6 2. g3 d5 3. Bg2 Nf6 4. Nf3 dxc4 5. Qa4+ Nbd7 6. Qxc4 a6 7. Qc2 c5 8. Nc3 Qc7 9. d4 b5 10. Bf4 Qa7 11. e4 cxd4 12. e5 dxc3 13. exf6 Nxf6 14. 0-0 Bb7 15. bxc3 Be7 16. a4 Qc5 17. Rfe1 0-0 18. Re5 Bd5 19. Ng5 h6 20. Ne4 Nxe4 21. Bxe4 Bf6 22. Bxd5 exd5 23. Qf5 Bxe5 24. Bxe5 Qc6 25. axb5 axb5 26. Rd1 Qe6 27. Qxe6 fxe6 28. Rb1 Ra5 29. Rb3 Ra1+ 0-1

[Event "BCF-chT2a 1920 (4NCL)"]
[Site "Daventry"]
[Date "2020.02.29"]
[Round "1.14"]
[White "Snape, Ian L"]
[Black "Cooper, John Grantley"]
[Result "1/2-1/2"]
[WhiteElo "2200"]
[BlackElo "2236"]
[PlyCount "54"]
[EventDate "2020.01.11"]
[EventType "team-tourn"]
[EventRounds "11"]
[EventCountry "ENG"]
[SourceTitle "CBM 195 Extra"]
[Source "ChessBase"]
[SourceDate "2020.05.31"]
[SourceVersion "1"]
[SourceVersionDate "2020.05.31"]
[SourceQuality "1"]
[WhiteTeam "The ADS"]
[BlackTeam "West is Best"]
[WhiteTeamCountry "ENG"]
[BlackTeamCountry "ENG"]

1. e4 c5 2. Nf3 g6 3. d4 cxd4 4. Qxd4 Nf6 5. e5 Nc6 6. Qa4 Nd5 7. Qe4 Nb6 8. Nc3 Bg7 9. Bf4 d5 10. exd6 Bf5 11. dxe7 Bxc3+ 12. bxc3 Bxe4 13. exd8Q+ Rxd8 14. Bh6 Ke7 15. Bd3 Bxd3 16. cxd3 Rxd3 17. 0-0 f6 18. Rfe1+ Kf7 19. Re3 Rhd8 20. h4 Nc4 21. Rxd3 Rxd3 22. Rc1 Ne7 23. Kf1 Rd5 24. Ke2 Ng8 25. Bf4 h5 26. Rb1 b5 27. g3 a6 1/2-1/2

[Event "BCF-chT2a 1920 (4NCL)"]
[Site "Daventry"]
[Date "2020.02.09"]
[Round "6.15"]
[White "Cooper, John Grantley"]
[Black "Graham, David Bruce"]
[Result "1-0"]
[WhiteElo "2236"]
[BlackElo "2152"]
[PlyCount "67"]
[EventDate "2020.01.11"]
[EventType "team-tourn"]
[EventRounds "11"]
[EventCountry "ENG"]
[SourceTitle "CBM 194 Extra"]
[Source "ChessBase"]
[SourceDate "2020.03.31"]
[SourceVersion "1"]
[SourceVersionDate "2020.03.31"]
[SourceQuality "1"]
[WhiteTeam "West is Best"]
[BlackTeam "Sussex Martlets"]
[WhiteTeamCountry "ENG"]
[BlackTeamCountry "ENG"]

1. c4 g6 2. g3 Bg7 3. Bg2 d6 4. Nc3 Nf6 5. Nf3 0-0 6. 0-0 Nc6 7. d4 Nd7 8. b3 e5 9. dxe5 Ndxe5 10. Nxe5 Nxe5 11. Bb2 Bg4 12. h3 Bd7 13. Qd2 Bc6 14. Nd5 a5 15. Rac1 Nd7 16. Bxg7 Kxg7 17. a3 f6 18. b4 axb4 19. axb4 Bxd5 20. cxd5 Rf7 21. e4 Nb6 22. Rc2 Ra4 23. Rfc1 Na8 24. h4 Re7 25. Ra2 Qe8 26. Rxa4 Qxa4 27. Qd4 Qd7 28. Kh2 Qb5 29. g4 Qb6 30. Qb2 Kg8 31. Ra1 Re8 32. Qxf6 Qxb4 33. h5 Rf8 34. Rxa8 1-0

[Event "BCF-chT2a 1920 (4NCL)"]
[Site "Daventry"]
[Date "2020.01.11"]
[Round "3.13"]
[White "Cooper, John Grantley"]
[Black "Arnott, Jonathan"]
[Result "1-0"]
[WhiteElo "2236"]
[BlackElo "2127"]
[PlyCount "93"]
[EventDate "2020.01.11"]
[EventType "team-tourn"]
[EventRounds "11"]
[EventCountry "ENG"]
[SourceTitle "CBM 194 Extra"]
[Source "ChessBase"]
[SourceDate "2020.03.31"]
[SourceVersion "1"]
[SourceVersionDate "2020.03.31"]
[SourceQuality "1"]
[WhiteTeam "West is Best"]
[BlackTeam "Chessable White Rose II"]
[WhiteTeamCountry "ENG"]
[BlackTeamCountry "ENG"]

1. c4 c6 2. Nf3 Nf6 3. g3 d5 4. Bg2 dxc4 5. 0-0 b5 6. a4 Bb7 7. b3 b4 8. bxc4 a5 9. d4 Nbd7 10. Nbd2 c5 11. Nb3 e6 12. Bg5 h6 13. Bxf6 Qxf6 14. Ne5 Bxg2 15. Nxd7 Qd8 16. Kxg2 Qxd7 17. e3 cxd4 18. Qf3 Ra7 19. Rfd1 d3 20. c5 Be7 21. c6 Qc8 22. Rxd3 0-0 23. Rc1 Rd8 24. Qe4 Rxd3 25. Qxd3 Bf6 26. Rc5 Be7 27. Rc4 Rc7 28. Qe4 Qa6 29. h4 Qb6 30. Kh2 Bd6 31. h5 Rc8 32. Qc2 Bc7 33. Nd4 Be5 34. Nb3 Bc7 35. Qe4 Rd8 36. Rc5 Qa6 37. Rb5 Rd6 38. Nd4 b3 39. Rb7 Qf1 40. Rxc7 Qxf2+ 41. Kh3 f5 42. Qf3 Qxf3 43. Nxf3 b2 44. Rb7 Rxc6 45. Rb8+ Kh7 46. Ne5 Rc5 47. Ng6 1-0

[Event "BCF-chT1d 1819 (4NCL) Demotion pool"]
[Site "England"]
[Date "2019.05.06"]
[Round "11.83"]
[White "Cooper, John Grantley"]
[Black "Roberson, Peter T"]
[Result "0-1"]
[WhiteElo "2250"]
[BlackElo "2433"]
[PlyCount "102"]
[EventDate "2018.11.10"]
[EventType "team-tourn"]
[EventRounds "4"]
[EventCountry "ENG"]
[SourceTitle "CBM 190 Extra"]
[Source "ChessBase"]
[SourceDate "2019.07.15"]
[SourceVersion "1"]
[SourceVersionDate "2019.07.15"]
[SourceQuality "1"]
[WhiteTeam "West is Best"]
[BlackTeam "Grantham Sharks"]
[WhiteTeamCountry "ENG"]
[BlackTeamCountry "ENG"]

1. c4 c5 2. g3 Nc6 3. Bg2 g6 4. Nc3 Bg7 5. Nf3 e6 6. 0-0 Nge7 7. d3 0-0 8. Bg5 h6 9. Bd2 d5 10. Rb1 b6 11. Qc1 Kh7 12. a3 d4 13. Na4 a5 14. Qc2 Bd7 15. e3 Nf5 16. e4 Nd6 17. e5 Nf5 18. Rfe1 Qc7 19. g4 Nfe7 20. Bf4 g5 21. Bg3 Ng6 22. Qe2 Rae8 23. b3 Qd8 24. h4 gxh4 25. Bh2 f5 26. exf6 Bxf6 27. Nd2 Be5 28. Be4 Bxh2+ 29. Kxh2 Rf4 30. g5 Ref8 31. Qh5 Rxf2+ 32. Kh1 Qxg5 33. Bxg6+ Qxg6 34. Qxg6+ Kxg6 35. Nxb6 Rxd2 36. Nxd7 Rff2 37. Rxe6+ Kf7 38. Rxc6 Rh2+ 39. Kg1 Rdg2+ 40. Kf1 h3 41. Rf6+ Kg7 42. Ke1 Rg1+ 43. Rf1 Rxf1+ 44. Kxf1 Rh1+ 45. Kf2 Rxb1 46. Kg3 Rxb3 47. Nxc5 Rxa3 48. Kxh3 a4 49. Kg4 Kf7 50. Kf5 Ra1 51. Ke5 a3 0-1

[Event "BCF-chT1d 1819 (4NCL) Demotion pool"]
[Site "England"]
[Date "2019.05.05"]
[Round "10.81"]
[White "Stepanyan, Henrik"]
[Black "Cooper, John Grantley"]
[Result "1-0"]
[WhiteElo "2195"]
[BlackElo "2250"]
[PlyCount "89"]
[EventDate "2018.11.10"]
[EventType "team-tourn"]
[EventRounds "4"]
[EventCountry "ENG"]
[SourceTitle "CBM 190 Extra"]
[Source "ChessBase"]
[SourceDate "2019.07.15"]
[SourceVersion "1"]
[SourceVersionDate "2019.07.15"]
[SourceQuality "1"]
[WhiteTeam "Wood Green Monarchs"]
[BlackTeam "West is Best"]
[WhiteTeamCountry "ENG"]
[BlackTeamCountry "ENG"]

1. d4 Nf6 2. c4 c5 3. d5 e5 4. Nc3 d6 5. e4 Be7 6. h3 Nbd7 7. Bd3 a6 8. a4 Nf8 9. Be3 Ng6 10. Qd2 Bd7 11. Be2 h5 12. Nf3 h4 13. Nh2 Qc8 14. f4 exf4 15. Bxf4 Nh5 16. Bxh5 Rxh5 17. 0-0 Qc7 18. Nf3 Nxf4 19. Qxf4 Bf6 20. e5 dxe5 21. Qe3 0-0-0 22. Ne4 Be7 23. b4 f5 24. Nxc5 f4 25. Qe2 Bxc5+ 26. bxc5 Qxc5+ 27. Kh1 Re8 28. Nd2 Rh6 29. Ne4 Qf8 30. c5 Bf5 31. Nd6+ Rxd6 32. cxd6 Qxd6 33. Rxf4 Bd3 34. Qe3 Qxd5 35. Rxh4 Kb8 36. Rd1 e4 37. Rg4 Qb3 38. Re1 Qxa4 39. Rxg7 Qb4 40. Rc1 Bc4 41. Qg3+ Ka7 42. Qe3+ Ka8 43. Rc7 Be6 44. R1c6 Kb8 45. Rb6 1-0

[Event "BCF-chT1d 1819 (4NCL) Demotion pool"]
[Site "England"]
[Date "2019.03.17"]
[Round "8.84"]
[White "Cooper, John Grantley"]
[Black "Abbas, Daniel Karim"]
[Result "1/2-1/2"]
[WhiteElo "2256"]
[BlackElo "2260"]
[PlyCount "76"]
[EventDate "2018.11.10"]
[EventType "team-tourn"]
[EventRounds "4"]
[EventCountry "ENG"]
[SourceTitle "CBM 189 Extra"]
[Source "ChessBase"]
[SourceDate "2019.05.31"]
[SourceVersion "1"]
[SourceVersionDate "2019.05.31"]
[SourceQuality "1"]
[WhiteTeam "West is Best"]
[BlackTeam "3CS Oldham"]
[WhiteTeamCountry "ENG"]
[BlackTeamCountry "ENG"]

1. c4 c5 2. g3 Nc6 3. Bg2 g6 4. Nc3 Bg7 5. Nf3 e5 6. 0-0 Nge7 7. a3 a5 8. Ne1 d6 9. Nc2 Be6 10. Ne3 0-0 11. Ned5 Rb8 12. d3 h6 13. Rb1 b6 14. b4 axb4 15. axb4 Bxd5 16. Nxd5 Nxd5 17. cxd5 Nxb4 18. Bd2 Na6 19. Qa4 Qc8 20. Rb3 Nb4 21. Qb5 Qe8 22. Qxe8 Rfxe8 23. Rc1 Bf8 24. Bxb4 cxb4 25. Rxb4 Rec8 26. Rc6 Be7 27. Bh3 Rd8 28. Rbxb6 Rxb6 29. Rxb6 Ra8 30. Rb7 Kf8 31. Bd7 Ra2 32. Kf1 h5 33. h3 Ra5 34. Bc6 Ra2 35. Rb8+ Kg7 36. Rb7 Kf8 37. Rb8+ Kg7 38. Rb7 Kf8 1/2-1/2

[Event "BCF-chT1a 1819 (4NCL)"]
[Site "England"]
[Date "2019.02.10"]
[Round "6.32"]
[White "Claridge Hansen, William"]
[Black "Cooper, John Grantley"]
[Result "1-0"]
[WhiteElo "2284"]
[BlackElo "2290"]
[PlyCount "73"]
[EventDate "2018.11.10"]
[EventType "team-tourn"]
[EventRounds "7"]
[EventCountry "ENG"]
[SourceTitle "CBM 188 Extra"]
[Source "ChessBase"]
[SourceDate "2019.02.28"]
[SourceVersion "1"]
[SourceVersionDate "2019.02.28"]
[SourceQuality "1"]
[WhiteTeam "Oxford"]
[BlackTeam "West is Best"]
[WhiteTeamCountry "ENG"]
[BlackTeamCountry "ENG"]

1. c4 c5 2. g3 e6 3. Bg2 d5 4. Nf3 Nc6 5. 0-0 Be7 6. cxd5 exd5 7. d4 Nf6 8. b3 0-0 9. Bb2 Re8 10. Nc3 Bg4 11. Na4 cxd4 12. Nxd4 Qd7 13. Nxc6 bxc6 14. Qd2 Rac8 15. Rac1 Ne4 16. Bxe4 dxe4 17. Qxd7 Bxd7 18. Rc4 Bg5 19. e3 Bg4 20. Rfc1 Bf3 21. Rxc6 Rcd8 22. Bd4 h5 23. Nb2 Bf6 24. R6c4 Bxd4 25. Rxd4 Rxd4 26. exd4 Rd8 27. Rc4 h4 28. Kf1 Rd6 29. Ke1 h3 30. Kd2 Bg2 31. Ke3 Rf6 32. d5 Rf3+ 33. Ke2 Kf8 34. d6 Ke8 35. Rxe4+ Kd7 36. Rd4 Rf6 37. Nd3 1-0

[Event "BCF-chT1a 1819 (4NCL)"]
[Site "England"]
[Date "2018.11.10"]
[Round "1.2"]
[White "Collins, Sam E"]
[Black "Cooper, John Grantley"]
[Result "1-0"]
[WhiteElo "2417"]
[BlackElo "2290"]
[PlyCount "65"]
[EventDate "2018.11.10"]
[EventType "team-tourn"]
[EventRounds "7"]
[EventCountry "ENG"]
[SourceTitle "CBM 187 Extra"]
[Source "ChessBase"]
[SourceDate "2018.11.04"]
[SourceVersion "1"]
[SourceVersionDate "2018.11.04"]
[SourceQuality "1"]
[WhiteTeam "Barbican"]
[BlackTeam "West is Best"]
[WhiteTeamCountry "ENG"]
[BlackTeamCountry "ENG"]

1. e4 d6 2. d4 g6 3. Nf3 Nf6 4. Nc3 Bg7 5. Be2 0-0 6. 0-0 c6 7. a4 Qc7 8. a5 Nbd7 9. h3 e5 10. dxe5 dxe5 11. Be3 Rd8 12. Qb1 Nf8 13. Rd1 Rxd1+ 14. Qxd1 Be6 15. Qc1 Nh5 16. Bf1 Bd7 17. Na4 Ne6 18. Nc5 Nd4 19. Bxd4 exd4 20. Nxd7 Qxd7 21. Bc4 Qe7 22. Qd2 Be5 23. Re1 Kg7 24. g3 Rd8 25. Kg2 Bc7 26. Ba2 Qc5 27. b4 Qc3 28. Qxc3 dxc3 29. e5 c5 30. a6 b6 31. b5 Kf8 32. Ng5 Rd2 33. e6 1-0

[Event "GBR-ch Major 105th"]
[Site "Hull"]
[Date "2018.08.05"]
[Round "9"]
[White "Teh, Eu Wen Aron"]
[Black "Cooper, John Grantley"]
[Result "1/2-1/2"]
[WhiteElo "2286"]
[BlackElo "2192"]
[PlyCount "144"]
[EventDate "2018.07.28"]
[EventType "swiss"]
[EventRounds "9"]
[EventCountry "ENG"]
[SourceTitle "EXT 2019"]
[Source "ChessBase"]
[SourceDate "2018.10.10"]
[SourceVersion "1"]
[SourceVersionDate "2018.10.10"]
[SourceQuality "1"]

1. d4 d5 2. c4 e6 3. Nc3 c5 4. cxd5 cxd4 5. Qxd4 Nc6 6. Qd1 exd5 7. Qxd5 Bd7 8. Nf3 Nf6 9. Qd1 Bc5 10. e3 Qe7 11. Be2 0-0-0 12. 0-0 g5 13. b4 Bxb4 14. Bb2 Rhg8 15. Nd4 Kb8 16. Ncb5 Ne5 17. Rb1 Ne4 18. a3 Ba5 19. Qc2 Nd2 20. Bc3 Bxc3 21. Qxc3 Bxb5 22. Rxb5 Nxf1 23. Rxe5 Qd6 24. Bxf1 Rc8 25. Qb2 Rc5 26. Rxc5 Qxc5 27. Bd3 Rc8 28. g3 Qc3 29. Qxc3 Rxc3 30. Bxh7 Rxa3 31. h4 gxh4 32. gxh4 Ra6 33. Bd3 Rh6 34. Nf5 Rh5 35. e4 a6 36. Kg2 b5 37. Kf3 Rh8 38. Ke3 Kc7 39. Kd4 Kb6 40. Be2 a5 41. h5 a4 42. Ne3 Ka5 43. Kc3 Rc8+ 44. Kb2 Rd8 45. h6 Rd6 46. Bh5 Rxh6 47. Bxf7 Rf6 48. Bd5 Rxf2+ 49. Kb1 Kb4 50. Bc6 Kc5 51. Bd7 Re2 52. Nd5 a3 53. Nc3 Rb2+ 54. Ka1 Rd2 55. Bxb5 Kb4 56. Nb1 Rf2 57. Bc6 a2 58. Bd5 axb1Q+ 59. Kxb1 Kc3 60. Ka1 Rb2 61. e5 Rb5 62. Bf7 Rxe5 63. Kb1 Rb5+ 64. Ka1 Kc2 65. Bg6+ Kc1 66. Bf7 Rf5 67. Be6 Rf6 68. Bg8 Kc2 69. Bh7+ Kb3 70. Bg8+ Ka3 71. Bh7 Rf1+ 72. Bb1 Rh1 1/2-1/2

[Event "GBR-ch Major 105th"]
[Site "Hull"]
[Date "2018.08.01"]
[Round "5"]
[White "Rocco, Federico"]
[Black "Cooper, John Grantley"]
[Result "1-0"]
[WhiteElo "2140"]
[BlackElo "2192"]
[PlyCount "65"]
[EventDate "2018.07.28"]
[EventType "swiss"]
[EventRounds "9"]
[EventCountry "ENG"]
[SourceTitle "CBM 185 Extra"]
[Source "ChessBase"]
[SourceDate "2018.07.29"]
[SourceVersion "1"]
[SourceVersionDate "2018.07.29"]
[SourceQuality "1"]

1. e4 c5 2. Nf3 Nc6 3. Bb5 g6 4. Bxc6 bxc6 5. 0-0 Bg7 6. Re1 Qc7 7. c3 Nf6 8. d3 Rb8 9. Nbd2 d6 10. e5 dxe5 11. Nxe5 0-0 12. Nb3 Ne4 13. f4 f6 14. Nf3 c4 15. Rxe4 cxb3 16. axb3 e5 17. Be3 a5 18. Rea4 Be6 19. Rxa5 Rxb3 20. fxe5 Rxb2 21. Ra7 Qb8 22. Bc1 Rb3 23. Nd4 Qb6 24. Kh1 Bd5 25. Nxb3 Qf2 26. Qg1 Qxg1+ 27. Kxg1 Bxb3 28. Rb7 Bf7 29. Raa7 fxe5 30. Ba3 Bh6 31. Bxf8 Be3+ 32. Kf1 Bxa7 33. Bh6 1-0

[Event "GBR-ch Major 105th"]
[Site "Hull"]
[Date "2018.07.30"]
[Round "3"]
[White "Holton, Jake"]
[Black "Cooper, John Grantley"]
[Result "0-1"]
[WhiteElo "1901"]
[BlackElo "2192"]
[PlyCount "78"]
[EventDate "2018.07.28"]
[EventType "swiss"]
[EventRounds "9"]
[EventCountry "ENG"]
[SourceTitle "CBM 185 Extra"]
[Source "ChessBase"]
[SourceDate "2018.07.29"]
[SourceVersion "1"]
[SourceVersionDate "2018.07.29"]
[SourceQuality "1"]

1. d4 d5 2. c4 e6 3. Nc3 c5 4. cxd5 cxd4 5. Qxd4 Nc6 6. Qd1 exd5 7. Qxd5 Bd7 8. a3 Nf6 9. Qd1 Bc5 10. e3 Qe7 11. Be2 0-0-0 12. Qc2 Kb8 13. Nf3 g5 14. b4 Bd6 15. Bb2 g4 16. Nd2 Ne5 17. Nc4 Nxc4 18. Bxc4 Bc6 19. Kf1 Rc8 20. Qb3 Ne4 21. Rd1 Rhd8 22. b5 Nxc3 23. Bxc3 Bxg2+ 24. Kxg2 Qe4+ 25. Kg1 Rxc4 26. Be5 Kc7 27. b6+ axb6 28. Bxd6+ Rxd6 29. Rxd6 Kxd6 30. Qxb6+ Kd7 31. Qb5+ Kc8 32. Qb2 Qc6 33. h3 Rc1+ 34. Qxc1 Qxc1+ 35. Kg2 Qc6+ 36. Kg1 g3 37. fxg3 Qf3 38. Rh2 Qxg3+ 39. Rg2 Qxe3+ 0-1

[Event "BCF-chT1d 1718 (4NCL) Demotion pool"]
[Site "England"]
[Date "2018.05.07"]
[Round "11.62"]
[White "Cooper, John Grantley"]
[Black "Lund, D Brett"]
[Result "1-0"]
[WhiteElo "2266"]
[BlackElo "2258"]
[PlyCount "73"]
[EventDate "2017.11.11"]
[EventType "team-swiss"]
[EventRounds "11"]
[EventCountry "ENG"]
[SourceTitle "EXT 2019"]
[Source "ChessBase"]
[SourceDate "2018.10.10"]
[SourceVersion "1"]
[SourceVersionDate "2018.10.10"]
[SourceQuality "1"]
[WhiteTeam "West is Best"]
[BlackTeam "Spirit of Atticus"]
[WhiteTeamCountry "ENG"]
[BlackTeamCountry "ENG"]

1. c4 e5 2. Nc3 d6 3. g3 Nc6 4. Nf3 g5 5. d3 h6 6. e4 Bg7 7. h4 g4 8. Nh2 h5 9. Be2 f5 10. Bg5 Bf6 11. Qd2 Nd4 12. 0-0-0 Nxe2+ 13. Nxe2 fxe4 14. d4 Qe7 15. Nc3 Bf5 16. Nd5 Bxg5 17. hxg5 Qg7 18. dxe5 0-0-0 19. exd6 Rxd6 20. Qf4 Bd7 21. Nf1 Ne7 22. Nxe7+ Qxe7 23. Rxd6 cxd6 24. Ne3 Qe5 25. Qxe5 dxe5 26. Nd5 Be6 27. Nf6 Kd8 28. b3 e3 29. fxe3 Ke7 30. Rxh5 Rxh5 31. Nxh5 Kf7 32. Nf6 b6 33. Kd2 Kg6 34. Ne4 Bf5 35. Nd6 Bd7 36. Kd3 Bc6 37. Nc8 1-0

[Event "BCF-chT1b 1718 (4NCL)"]
[Site "England"]
[Date "2018.01.14"]
[Round "4.82"]
[White "Sarakauskas, Gediminas"]
[Black "Cooper, John Grantley"]
[Result "1-0"]
[WhiteElo "2416"]
[BlackElo "2266"]
[PlyCount "113"]
[EventDate "2017.11.11"]
[EventType "team-swiss"]
[EventRounds "11"]
[EventCountry "ENG"]
[SourceTitle "EXT 2019"]
[Source "ChessBase"]
[SourceDate "2018.10.10"]
[SourceVersion "1"]
[SourceVersionDate "2018.10.10"]
[SourceQuality "1"]
[WhiteTeam "Guildford II"]
[BlackTeam "West is Best"]
[WhiteTeamCountry "ENG"]
[BlackTeamCountry "ENG"]

1. d4 Nf6 2. g3 c5 3. Nf3 cxd4 4. Nxd4 d5 5. Bg2 e5 6. Nb3 Be6 7. Bg5 Nbd7 8. e4 dxe4 9. N1d2 Be7 10. 0-0 0-0 11. Qe2 Qc7 12. c3 a5 13. Nc1 a4 14. a3 h6 15. Bxf6 Nxf6 16. Re1 Bg4 17. Qf1 Qb6 18. Rb1 Rfd8 19. Nxe4 Bxa3 20. Nxf6+ gxf6 21. Nd3 Bf8 22. Be4 Bg7 23. Nb4 f5 24. Nd5 Qc5 25. Ne3 fxe4 26. Nxg4 f5 27. Ne3 Rf8 28. Qh3 Qc8 29. Rbd1 Ra6 30. Rd2 Raf6 31. Red1 R6f7 32. Rd6 Kh7 33. Qh5 f4 34. Qg6+ Kh8 35. Ng4 Qf5 36. Nxh6 Qxg6 37. Rxg6 Rf6 38. Rxf6 Rxf6 39. Ng4 Rb6 40. Ra1 Rxb2 41. Rxa4 Rb1+ 42. Kg2 Re1 43. Rb4 Kh7 44. Rxb7 Kg6 45. c4 Rc1 46. Rc7 f3+ 47. Kh3 Bf8 48. Ne3 Bb4 49. Rc6+ Kf7 50. Ng4 Bc3 51. Kh4 Bd4 52. Kg5 Bxf2 53. Rf6+ Ke7 54. Nxf2 e3 55. Rxf3 Rc3 56. Rf5 e4 57. Nxe4 1-0

[Event "BCF-chT1b 1718 (4NCL)"]
[Site "England"]
[Date "2018.01.13"]
[Round "3.82"]
[White "Cooper, John Grantley"]
[Black "Hill, Alistair"]
[Result "1-0"]
[WhiteElo "2266"]
[BlackElo "2186"]
[PlyCount "77"]
[EventDate "2017.11.11"]
[EventType "team-swiss"]
[EventRounds "11"]
[EventCountry "ENG"]
[SourceTitle "EXT 2019"]
[Source "ChessBase"]
[SourceDate "2018.10.10"]
[SourceVersion "1"]
[SourceVersionDate "2018.10.10"]
[SourceQuality "1"]
[WhiteTeam "West is Best"]
[BlackTeam "Cambridge University"]
[WhiteTeamCountry "ENG"]
[BlackTeamCountry "ENG"]

1. c4 Nf6 2. Nf3 c5 3. Nc3 d5 4. cxd5 Nxd5 5. g3 Nc6 6. Bg2 Nc7 7. 0-0 e5 8. a3 Rb8 9. Rb1 c4 10. b4 cxb3 11. Qxb3 Be6 12. Qa4 Bd7 13. Qe4 f5 14. Qe3 Qf6 15. Nxe5 Qxe5 16. Bxc6 Qxe3 17. Bxd7+ Kxd7 18. dxe3 Bd6 19. e4 Be5 20. Rd1+ Ke6 21. exf5+ Kxf5 22. e4+ Ke6 23. Nd5 Nxd5 24. Rxd5 Rhd8 25. Be3 b6 26. f4 Bf6 27. Rbd1 Rxd5 28. Rxd5 g6 29. g4 Rc8 30. f5+ Ke7 31. e5 Bh4 32. e6 Rc7 33. Kg2 h5 34. h3 Rc2+ 35. Kf3 Rc3 36. Rd7+ Ke8 37. fxg6 Bg5 38. g7 Bxe3 39. g8Q# 1-0

[Event "BCF-chT1d 1617 (4NCL) Demotion pool"]
[Site "England"]
[Date "2017.03.05"]
[Round "8.72"]
[White "Cooper, John Grantley"]
[Black "Tan, Justin Hy"]
[Result "1/2-1/2"]
[WhiteElo "2278"]
[BlackElo "2456"]
[PlyCount "44"]
[EventDate "2016.11.19"]
[EventType "team-tourn"]
[EventRounds "4"]
[EventCountry "ENG"]
[SourceTitle "EXT 2018"]
[Source "ChessBase"]
[SourceDate "2017.10.13"]
[SourceVersion "1"]
[SourceVersionDate "2017.10.13"]
[SourceQuality "1"]
[WhiteTeam "South Wales Dragons"]
[BlackTeam "Oxford"]
[WhiteTeamCountry "ENG"]
[BlackTeamCountry "ENG"]

1. c4 e6 2. g3 d5 3. Bg2 dxc4 4. Qa4+ Nd7 5. Qxc4 a6 6. Qc2 Bd6 7. Nf3 Ngf6 8. Nc3 0-0 9. 0-0 c5 10. d4 Qc7 11. dxc5 Nxc5 12. Bg5 Nce4 13. Rac1 Nxg5 14. Nxg5 Rb8 15. Rfd1 b6 16. Qd3 Bc5 17. b4 h6 18. bxc5 hxg5 19. c6 b5 20. Qd6 Qxd6 21. Rxd6 Ne8 22. Rd2 f5 1/2-1/2